1235 1129 1858 1891 1478 1009 1653 1277 1337 1575 1223 1789 1027 1766 1731 1550 1351 1819 1190 1239 1311 1982 2000 1559 1880 1427 1000 1033 1860 1758 1907 1556 1988 1467 1084 1847 1955 1359 1086 1291 1052 1068 1934 1081 1901 1384 1147 1065 1315 1313 1238 1794 1988 1146 1071 1040 1156 1176 1211 1884 1097 1919 1208 1379 1516 1922 1852 1946 1869 1914 1530 1063 1063 1777 1498 1386 1929 1839 1288 1660 1910 1558 1297 1601 1596 1106 1469 1813 1409 1808 1249 1501 1498 1315 1557 1591 1556 1228 1653 BCNSPRNW ULIB Ver.6.0+V

เปลี่ยนเป็นภาษาไทย

Change to English
 แสดงรายละเอียดบรรณานุกรม
  กลับหน้าหลัก

Brief Record : Get Marc (ISO 2709) : E-mail record : QR code < ปิดหน้าต่าง
LEADER : 00000nam 2200000uu 4500
001    13399123890
003     ULIB
008    141214s2556||||th 000 0 tha d
020    ^a9786167530482
060  4 ^aWI140^bก125ด
100 0  ^aกนกอร บุญพิทักษ์
245 10 ^aดูแลกระเพาะอาหารและลำไส้ /^cกนกอร บุญพิทักษ์
260    ^aกรุงเทพฯ :^bFeel Good,^c2556
300    ^a221 หน้า :^bภาพประกอบ
500    ^aชื่อเรื่องจากปกนอก
650  7 ^aระบบกระเพาะอาหารและลำไส้^xโรค^xการรักษา
650  7 ^aวิทยากระเพาะอาหารและลำไส้
650  7 ^aระบบกระเพาะอาหารและลำไส้, โรค^xการรักษา
945    ^p170^l0^i22544
945    ^p170^l0^i22545
999    ^aทศพร เกษรทอง
รายการนี้ยังไม่มีแท็ก
คุณยังไม่ได้ล็อกอิน คุณสามารถมีกิจกรรมร่วมกับเว็บไซต์ได้ แต่ต้องล็อกอินก่อน ::
  ล็อกอิน

รายการสื่อสารสนเทศ

ลำดับที่ ประเภท เลขเรียก/บาร์โค้ด สถานที่ สถานะ
1. วิทยาศาสตร์การแพทย์ และสุขภาพ
วิทยาศาสตร์การแพทย์ และสุขภาพ
สถานะ=หนังสือเก่า
WI140 ก125ด ฉ.1 
  Barcode: 22544
ห้องสมุดวิทยาเขตนครสวรรค์
►ส่วนจัดเก็บหนังสือเก่า นว.
บนชั้น
  ขอยืม
2. วิทยาศาสตร์การแพทย์ และสุขภาพ
วิทยาศาสตร์การแพทย์ และสุขภาพ
สถานะ=หนังสือเก่า
WI140 ก125ด ฉ.2 
  Barcode: 22545
ห้องสมุดวิทยาเขตนครสวรรค์
►ส่วนจัดเก็บหนังสือเก่า นว.
บนชั้น
  ขอยืม

รายการใกล้เคียง
    ผู้แต่ง [กนกอร บุญพิทักษ์]

    หัวเรื่อง [วิทยากระเพาะอาหารและลำไส้]

BibComment


ยังไม่เคยถูกคอมเมนท์

คอมเมนท์ทรัพยากรรายการนี้
  คอมเมนท์: ดูแลกระเพาะอาหาร..


 Copyright 2026. Bcnsprnw @Library